000 00617nam a2200229Ia 4500
003 OSt
005 20220928113206.0
006 a|||||r|||| 00| 0
007 ta
008 220927b |||||||| |||| 00| 0 eng d
024 _a32781
037 _cTextual
040 _aSDCL
_cSDCL
_beng
041 _2eng
_aeng
082 _aSigma, K6
100 _aBoulding Kenneth E
_9431908
245 0 _aImpact of the social sciences.
260 _aNew Brunswick
_bRutgers University Press
_c1966
300 _avi,114p
_ccm.
942 _hSigma, K6
_cTEXL
_2CC
999 _c748474
_d748474